|
|
|
|
| LEADER |
00000nab a2200000 a 4500 |
| 001 |
vtls000400601 |
| 003 |
SK-MaSNL |
| 005 |
20260302232704.0 |
| 008 |
160201c1990 xo 0 slo |
| 015 |
|
|
|a SNBRB19rr/mm-uuuuu
|
| 035 |
|
|
|a CL0400725
|
| 040 |
|
|
|a SNKBUCL
|b slo
|c SNKBUCL
|e AACR2
|
| 041 |
0 |
|
|a slo
|
| 044 |
|
|
|a xo
|c SK
|
| 080 |
|
|
|a 58-051
|2 1981
|
| 080 |
|
|
|a 929 Holub, Josef
|2 1981
|
| 100 |
1 |
|
|a Kmeťová, E.
|4 aut
|9 573619
|
| 245 |
1 |
0 |
|a Životné jubileum RNDr. Josefa Holuba, CSc
|c E. Kmeťová ; Josef Holub
|
| 300 |
|
|
|b Obr. 1.
|
| 600 |
1 |
7 |
|a Holub, Josef,
|d 1930-
|2 snkbucl
|9 965167
|
| 655 |
|
7 |
|a články z novín a časopisov
|2 snkbucl
|9 267496
|
| 773 |
0 |
|
|t Biológia
|g Roč. 45, č. 9 (1990), s. 760-762
|
| 850 |
|
|
|a Slovenská národná knižnica v Martine
|a MTA001
|
| 852 |
|
|
|a SNK
|b KIS3GCP
|
| 958 |
|
|
|a RK
|
| 958 |
|
|
|a CZ
|
| 992 |
|
|
|a RBX
|
| 999 |
|
|
|c 1544039
|d 1545969
|